• 首页
  • 本馆介绍
  • 公告通知
  • 最新文献
  • 馆藏检索
  • 电子资源
  • 读者导购
  • 参考咨询
  • 我的图书馆
  • 登录
  • 详细信息显示
  • 放入我的书架
  • 预约/预借图书
  • 作者相关作品
  • 分类相关作品
  • 丛书相关作品
  • 出版社相关作品

书目信息

  • 表格格式
  • 工作单格式
  • 卡片格式
书名: Philosophy is no mystery: peasants put their study to work
作者:
分册号:
分册名:
出版地: Peking :
 
出版社: Foreign Languages Press
出版时间: 1972.
页数: 74 p. :
开本: 20 cm.
丛书名:
中图分类号:
科图分类号:
其他分类号: B-49
主题词:
电子资源:
000 00632nam 220001934504
001 E0755171267
005 20070726152436.65
008 731015s1972 cc a 000 0 eng
010    @a73172333
040    @aDLC@cDLC@dWIT
050  0 @aB809.8.M314@bP45
090    @aB64/W1
090    @aB-49
099    @dB-49@ex5
245 00 @aPhilosophy is no mystery: peasants put their study to work.
260    @aPeking :@bForeign Languages Press,@c1972.
300    @a74 p. :@billus. ;@c20 cm.
500    @a"Collection of accounts from Chinchien Production Brigade of Kiangshan County, Chekiang Province."
600 10 @aMao, Tse-tung,@d1893-1976.@tMao tun lun.
    
    Philosophy is no mystery: peasants put their study to work.-Peking : : Foreign Languages Press, , 1972.
    74 p. : : illus. ; ; 20 cm.
    "Collection of accounts from Chinchien Production Brigade of Kiangshan County, Chekiang Province."
    
    ISBN
    
●
相关链接 在E读中查询图书 在五车中查询图书 在当当中查询图书 在豆瓣中查询图书


正题名:Philosophy is no mystery: peasants put their study to work     索取号:B-49/x5         预约/预借

序号 登录号 条形码 馆藏地/架位号 状态 备注
1 0014141   300141415   第二样本阅览室/ [索取号:B-49/x5] 在馆    
2 0014142   300141424   密集书库/ [索取号:B-49/x5] 在馆    
唐山师范学院图书馆 欢迎您!
大连网信软件有限公司© 版权所有